[Event "Jurmala"]
[Site "Jurmala"]
[Date "1991.??.??"]
[Round "?"]
[White "Maljutin, Evgeni"]
[Black "Belikov, Vladimir"]
[Result "0-1"]
[WhiteElo "2385"]
[BlackElo "2415"]

1.e4 c5 2.Nf3 Nc6 3.Bb5 e6 4.O-O Nge7 5.b3 a6 6.Bxc6 Nxc6 7.Bb2 b5 8.d4 cxd4
9.Nxd4 Qf6 10.a4 b4 11.Ra2 Nxd4 12.Bxd4 Qg6 13.Nd2 Bb7 14.Re1 Be7 15.Re3 f6
16.Rg3 Qf7 17.Be3 d5 18.exd5 Bxd5 19.Qg4 Bd6 20.Rh3 Be7 21.Nc4 Rd8 22.Bb6 Rd7
23.Ne3 O-O 24.Ra1 Bb7 25.Re1 Re8 26.Qh4 h6 27.Qg4 Kh7 28.Nc4 Qg6 29.Qxg6+ Kxg6
30.Rhe3 Bf8 31.Nb2 e5 32.Nd3 Rc8 33.R3e2 e4 34.Nf4+ Kf7 35.g4 Rc6 36.a5 Rc8
37.Nh5 Bc6 38.Rc1 Bb5 39.Re3 Bd3 40.Rd1 Rxc2 41.Ng3 Rd5 42.Rde1 Rc3 43.Nxe4 Rxb3
44.Nd2 Rc3 45.Nf3 Rc4 46.Re8  0-1

[Event "Jyvaskyla op"]
[Site "Jyvaskyla"]
[Date "1991.??.??"]
[Round "3"]
[White "Watson, William N"]
[Black "Golikov, Anatolij"]
[Result "1-0"]
[WhiteElo "2505"]
[BlackElo "2415"]

1.e4 c5 2.Nf3 Nc6 3.Bb5 a6 4.Bxc6 dxc6 5.O-O Bg4 6.d3 e5 7.h3 Bxf3 8.Qxf3 Bd6
9.Qg3 Qf6 10.Nd2 Ne7 11.a4 a5 12.Nc4 O-O 13.Bd2 Bc7 14.Qg4 h6 15.Qd7 Rfc8
16.Ra3 b6 17.Rb3 Rab8 18.Be3 Ng6 19.Bxc5 bxc5 20.Rxb8 Rxb8 21.Qxc7 Re8 22.Qxa5 Nf4
23.Ne3 Re6 24.Kh2 Qg5 25.g3 Rg6 26.Qe1 Qh5 27.gxf4 exf4 28.Nf5 f3 29.Ne7+ Kh7
30.Nxg6  1-0

[Event "Katowice op"]
[Site "Katowice"]
[Date "1991.??.??"]
[Round "1"]
[White "Tseshkovsky, Vitaly"]
[Black "Obierak, Wladyslaw"]
[Result "1-0"]
[WhiteElo "2490"]
[BlackElo "2225"]

1.e4 c5 2.Nf3 Nc6 3.Bb5 Nd4 4.Nxd4 cxd4 5.c3 Qb6 6.Qa4 e5 7.O-O Nf6 8.d3 Be7
9.cxd4 exd4 10.Nd2 a6 11.Bc4 O-O 12.Nf3 Kh8 13.Qb3 Qc5 14.Bg5 Nh5 15.Bd5 f6
16.Bd2 g5 17.Rac1 Qa7 18.Qc4 Nf4 19.Bxf4 gxf4 20.Nxd4 Bd6 21.Nf5 Qb6 22.Rc2 f3
23.g3 h5 24.Rfc1 Kh7 25.d4  1-0

[Event "Katowice op"]
[Site "Katowice"]
[Date "1991.??.??"]
[Round "8"]
[White "Seifert, Henryk"]
[Black "Ionov, Sergey"]
[Result "0-1"]
[WhiteElo "2340"]
[BlackElo "2515"]

1.e4 c5 2.Nf3 Nc6 3.Bb5 e6 4.O-O Nge7 5.b3 Ng6 6.Bb2 f6 7.d4 cxd4 8.Nxd4 Be7
9.Nxc6 bxc6 10.Bd3 Qc7 11.Qh5 O-O 12.g3 Ne5 13.Be2 Bb7 14.f4 Qb6+ 15.Kg2 Nf7
16.Nd2 c5 17.Bf3 Nd6 18.Rfe1 a5 19.Ba3 Rac8 20.h3 a4 21.Kh1 Nb5 22.Bb2 a3
23.Bc1 Nd4 24.Bd1 Qa5 25.Re3 f5 26.c3 fxe4 27.Nc4 Qa6 28.cxd4 cxd4 29.Re2 e3+
30.Kg1 Be4 31.Nxe3 dxe3 32.Bxe3 Bf6 33.Rc1 Rxc1 34.Bxc1 Bd4+ 35.Be3 Qd3  0-1

[Event "Katowice op"]
[Site "Katowice"]
[Date "1991.??.??"]
[Round "9"]
[White "Lukin, Andrei M"]
[Black "Gorelov, Sergey G"]
[Result "0-1"]
[WhiteElo "2460"]
[BlackElo "2420"]

1.e4 c5 2.Nf3 Nc6 3.Bb5 g6 4.O-O Bg7 5.Re1 e5 6.Bxc6 dxc6 7.d3 Qe7 8.Nbd2 Nf6
9.Nc4 Nh5 10.Be3 O-O 11.h3 Nf4 12.Qd2 g5 13.Qa5 b5 14.Ncd2 g4 15.hxg4 Bxg4
16.Qc3 Bxf3 17.Nxf3 Ne6 18.Nd2 Rfd8 19.Nf1 Nd4 20.Ng3 c4 21.Bxd4 exd4 22.Qd2 Be5
23.Nf5 Qe6 24.g3 f6 25.Kg2 Rd7 26.Rh1 Kh8 27.Rh6 Rf8 28.Qe2 c5 29.a4 cxd3
30.cxd3 a6 31.axb5 axb5 32.Rah1 Rff7 33.Rc1 c4 34.dxc4 d3 35.cxb5 Qxf5 36.Qe3 Qg5
37.Re1  0-1

[Event "Katowice op"]
[Site "Katowice"]
[Date "1991.??.??"]
[Round "10"]
[White "Kuczynski, Robert"]
[Black "Perelshteyn, Mikhail"]
[Result "1-0"]
[WhiteElo "2465"]
[BlackElo "2330"]

1.e4 c5 2.Nf3 Nc6 3.Bb5 Nf6 4.Nc3 g6 5.e5 Ng4 6.Qe2 Bg7 7.Bxc6 dxc6 8.h3 Nh6
9.g4 O-O 10.d3 f6 11.Bf4 b5 12.O-O-O Nf7 13.e6 Ng5 14.Nxg5 fxg5 15.Be5 Bxe5
16.Qxe5 Qd4 17.Rhe1 Rxf2 18.Qxg5 Qf4+ 19.Qxf4 Rxf4 20.Re5 Bb7 21.Ne4 Rd8
22.Nxc5 Bc8 23.Rde1 Kg7 24.Kd2 h6 25.R1e3 Kf6 26.Ke2 Rd5 27.Nd7+ Kg7 28.Rxd5 cxd5
29.Rf3 Rxf3 30.Kxf3 Bb7 31.Ke3 d4+ 32.Kxd4 g5 33.c4 bxc4 34.dxc4 Bg2 35.c5 h5
36.gxh5 Bxh3 37.c6 Bxe6 38.Ke5 Bh3 39.b4 Kh6 40.b5 Kxh5 41.a4 Bg2 42.Nc5 Bh3
43.Ne6 Bg2 44.a5 a6 45.c7 Bb7 46.Nc5 Bc8 47.bxa6  1-0

[Event "Kecskemet Szechenyi-B"]
[Site "Kecskemet"]
[Date "1991.??.??"]
[Round "1"]
[White "Martens, Martin"]
[Black "Bosch, Jeroen"]
[Result "1/2-1/2"]
[WhiteElo "2325"]
[BlackElo "2250"]

1.e4 c5 2.Nf3 Nc6 3.Bb5 d6 4.O-O Bd7 5.Re1 Nf6 6.c3 a6 7.Bf1 Bg4 8.h3 Bxf3
9.Qxf3 g6 10.d3 Bg7 11.Be3 O-O 12.Nd2 Nd7 13.Nb3 b5 14.d4 c4 15.Nd2 e5 16.dxe5 Ncxe5
17.Qg3 Nc5 18.Bxc5 dxc5 19.Nf3 Nxf3+  1/2-1/2

[Event "Kecskemet"]
[Site "Kecskemet"]
[Date "1991.??.??"]
[Round "9"]
[White "Mathe, Gaspar"]
[Black "Sjoberg, Mats"]
[Result "1-0"]
[WhiteElo "2405"]
[BlackElo "2360"]

1.e4 c5 2.Nf3 Nc6 3.Bb5 g6 4.c3 Bg7 5.d4 Qb6 6.Bxc6 bxc6 7.O-O Nf6 8.Re1 O-O
9.Nbd2 Ba6 10.e5 Nd5 11.c4 Nc7 12.dxc5 Qxc5 13.b3 d5 14.Bb2 Ne6 15.Rc1 Rfd8
16.Qc2 Bh6 17.Rcd1 Rd7 18.a3 Rad8 19.b4 Qb6 20.c5 Qb5 21.Nd4 Nxd4 22.Bxd4 Qd3
23.Qb2 Qf5 24.Nf3 Rc7 25.Be3 Bxe3 26.fxe3 Rb8 27.Qd4 Qe4 28.Qb2 Bc4 29.Rd4 Qf5
30.Rf4 Qh5 31.Qd2 a5 32.Rh4 Qf5 33.e4 dxe4 34.Rexe4 Rd7 35.Qh6 Rd1+ 36.Kf2 g5
37.Rhg4 Rf1+ 38.Kg3 f6 39.exf6 Rxf3+ 40.gxf3 exf6 41.h4 Bf7 42.hxg5 Bg6 43.Re7  1-0

[Event "JUG-ch"]
[Site "Kladovo"]
[Date "1991.??.??"]
[Round "3"]
[White "Nicevski, Risto"]
[Black "Paunovic, Dragan"]
[Result "1/2-1/2"]
[WhiteElo "2345"]
[BlackElo "2455"]

1.e4 c5 2.Nf3 Nc6 3.Bb5 g6 4.O-O Bg7 5.Re1 Nf6 6.c3 O-O 7.d4 cxd4 8.e5 Nd5
9.cxd4 d6 10.Nc3 Nc7 11.Ba4 dxe5 12.dxe5  1/2-1/2

[Event "JUG-ch"]
[Site "Kladovo"]
[Date "1991.??.??"]
[Round "3"]
[White "Sale, Srdjan"]
[Black "Damljanovic, Branko"]
[Result "0-1"]
[WhiteElo "2365"]
[BlackElo "2560"]

1.e4 c5 2.Nf3 Nc6 3.Bb5 e6 4.O-O Nge7 5.Re1 a6 6.Bf1 d5 7.d3 g6 8.exd5 exd5
9.Bf4 Bg7 10.Qc1 h6 11.Nc3 g5 12.Bd2 Bg4 13.Be2 Be6 14.h4 Qd6 15.hxg5 hxg5
16.Bxg5 Ng6 17.g3 Nd4 18.Kg2 Kd7 19.Qd2 Bh3+ 20.Kg1 Rag8 21.Rab1 Be5 22.Nxd4 cxd4
23.Bf3 Bxg3 24.Nxd5 Ne5 25.Rxe5 Bxe5  0-1

[Event "JUG-ch"]
[Site "Kladovo"]
[Date "1991.??.??"]
[Round "8"]
[White "Miljanic, Boro"]
[Black "Pavlovic, Milos"]
[Result "1-0"]
[WhiteElo "2390"]
[BlackElo "2480"]

1.e4 c5 2.Nf3 Nc6 3.Bb5 Nf6 4.Bxc6 dxc6 5.d3 g6 6.O-O Bg7 7.Nc3 O-O 8.h3 Ne8
9.Be3 b6 10.e5 Nc7 11.Qd2 Ne6 12.Bh6 Nd4 13.Nxd4 cxd4 14.Bxg7 Kxg7 15.Ne4 c5
16.f4 Qd5 17.Rae1 f5 18.exf6+ exf6 19.Ng3 f5 20.Re5 Qd6 21.Rfe1 Bd7 22.Re7+ Rf7
23.Qe2 Rf8 24.Re5 Qf6 25.Nf1 Qh4 26.Qf3 Bc8 27.Nd2 h6 28.Nc4 Bb7 29.Qe2 Rd8
30.Re7 Bd5 31.Qe5+ Qf6 32.Rxf7+ Bxf7 33.Qc7 Rf8 34.Re7 Kg8 35.Ne5 g5 36.Qxa7 gxf4
37.Nxf7 Rxf7 38.Rxf7 Qxf7 39.Qxf7+ Kxf7 40.Kf2 Kf6 41.Kf3 Ke5 42.a4 Ke6 43.Kxf4 Kf6
44.h4 Ke6 45.h5 Kf6 46.c3 dxc3 47.bxc3 Ke6 48.d4 cxd4 49.cxd4  1-0

[Event "JUG-ch"]
[Site "Kladovo"]
[Date "1991.??.??"]
[Round "11"]
[White "Leventic, Ivan"]
[Black "Djukic, Zeljko"]
[Result "1-0"]
[WhiteElo "2370"]
[BlackElo "2420"]

1.e4 c5 2.Nf3 Nc6 3.Bb5 Qc7 4.O-O a6 5.Bxc6 Qxc6 6.Re1 e6 7.d4 cxd4 8.Nxd4 Qc7
9.Nc3 d6 10.Bg5 Nf6 11.f4 h6 12.Bxf6 gxf6 13.f5 h5 14.Qd3 Be7 15.Rad1 Bd7
16.fxe6 fxe6 17.e5 dxe5 18.Qg6+ Kf8 19.Ne4 Rg8 20.Qh6+ Kf7 21.Qxh5+ Kg7 22.Rd3 exd4
23.Rg3+ Qxg3 24.Nxg3 e5 25.Re4 Rac8 26.Nf5+ Bxf5 27.Qxf5 Rc6 28.Qd7 Kf7 29.Rh4 Rg7
30.Qxb7 Re6 31.Qd5 f5 32.Rh6 Bf6 33.Qd7+ Re7 34.Qxf5 Re6 35.g4 e4 36.h4  1-0

[Event "Krasnodar"]
[Site "Krasnodar"]
[Date "1991.??.??"]
[Round "?"]
[White "Bus, Mariusz"]
[Black "Beshukov, Sergei"]
[Result "0-1"]
[WhiteElo "2420"]
[BlackElo "2305"]

1.e4 c5 2.Nf3 Nc6 3.Bb5 g6 4.O-O Bg7 5.c3 Qb6 6.Na3 a6 7.Bxc6 Qxc6 8.d4 cxd4
9.cxd4 d6 10.d5 Qc7 11.Nd4 Nf6 12.f3 O-O 13.Be3 e5 14.dxe6 fxe6 15.Rc1 Qe7
16.Nc4 Nd7 17.Nb3 b5 18.Nxd6 Bxb2 19.Rc2 Be5 20.Rd2 Bxd6 21.Rxd6 Ne5 22.Na5 Nf7
23.Rd2 e5 24.Qc1 Re8 25.Nc6 Qf6 26.Nb4 Be6 27.Nd5 Bxd5 28.Rxd5 Rac8 29.Bc5 Ng5
30.Qa3 Ne6 31.Qxa6 Qg5 32.Bb4 Rc2 33.Rd2 Rxd2 34.Bxd2 Qxd2 35.Qxb5 Re7 36.Kh1 Rd7
37.Qb3 Rd6 38.Rg1 Kg7 39.h3 Nf4 40.a4 Qd3 41.Qb2 Qd4 42.Qb3 Ne2 43.Re1 Qf2
44.Qb4 Nf4 45.Rg1 Nxh3 46.gxh3 Qxf3+ 47.Kh2 Qf4+  0-1

[Event "Krasnodar"]
[Site "Krasnodar"]
[Date "1991.??.??"]
[Round "?"]
[White "Bus, Mariusz"]
[Black "Shabanov, Yuri"]
[Result "1/2-1/2"]
[WhiteElo "2420"]
[BlackElo "2410"]

1.e4 c5 2.Nf3 Nc6 3.Bb5 g6 4.O-O Bg7 5.Re1 Nf6 6.Nc3 O-O 7.h3 d6 8.Bxc6 bxc6
9.e5 Nd5 10.exd6 exd6 11.Nxd5 cxd5 12.d4 Bf5 13.Bg5 Qd7 14.Qd2 Rfe8 15.Rad1 c4
16.Rxe8+ Rxe8 17.Re1 Re4 18.c3 Qa4 19.a3 Qe8 20.Bf4 Bf8 21.Be3 h6 22.Nh2 Re6
23.f3 Bd3 24.Kf2 Qb5 25.Bf4 Rxe1 26.Kxe1 h5 27.g4 Qb3 28.Kf2 Be7 29.Kg3 Kf8
30.gxh5 gxh5 31.h4 Ke8 32.Bg5 f6 33.Bh6 Kd7 34.Kf2 Qa2 35.Qc1 Qb1 36.Qxb1 Bxb1
37.Nf1 Bg6 38.Ke3 Ke6 39.Kf4 Bd3 40.Ne3 a5 41.Kg3 a4 42.Ng2 Kf7 43.Nf4 Bf5
44.Nxd5 Be6 45.Nf4 d5 46.Ng2 Ke8 47.Bf4 Kd7 48.Ne3 Bf8 49.Kf2 Bf7 50.Nf5 Bg6
51.Ng3 Ke6 52.Ke3 Kd7 53.Bb8 Bh6+ 54.f4 Ke6 55.Kf3 Bc2 56.Nf1 Be4+ 57.Kf2 Bf8
58.Ng3 Bg6 59.Ba7 Bd6 60.Kf3 Bc2  1/2-1/2

[Event "Krumbach op"]
[Site "Krumbach"]
[Date "1991.??.??"]
[Round "2"]
[White "Galdunts, Sergey"]
[Black "Turner, Matthew"]
[Result "1-0"]
[WhiteElo "2470"]
[BlackElo "2225"]

1.e4 c5 2.Nf3 Nc6 3.Bb5 Qb6 4.Nc3 e6 5.a4 Nd4 6.a5 Qc7 7.O-O Ne7 8.Nxd4 cxd4
9.Ne2 Qe5 10.Bd3 Nc6 11.c3 dxc3 12.dxc3 Qc7 13.b4 d6 14.f4 Be7 15.Be3 O-O
16.Qb1 Bd7 17.g4 h6 18.Rf2 b6 19.a6 d5 20.Qb3 dxe4 21.Bxe4 Rac8 22.Raf1 Kh8
23.Rg2 f5 24.Bb1 Nd8 25.g5 Bc6 26.Rg3 hxg5 27.fxg5 Bd5 28.Qd1 Qc4 29.Nf4 Kg8
30.Qh5 Nf7 31.g6 Nh6 32.Nxd5 Qxd5 33.Bxh6 gxh6 34.Qxh6 Bc5+ 35.bxc5 Qxc5+
36.Rf2 Rc7 37.g7  1-0

[Event "Krumbach op"]
[Site "Krumbach"]
[Date "1991.??.??"]
[Round "6"]
[White "Glek, Igor V"]
[Black "Brendel, Oliver"]
[Result "1-0"]
[WhiteElo "2540"]
[BlackElo "2325"]

1.e4 c5 2.Nf3 Nc6 3.Bb5 Nf6 4.Nc3 Qc7 5.O-O e5 6.d3 h6 7.Nh4 g5 8.Nf5 Nd4
9.Nxd4 cxd4 10.Ne2 a6 11.Ba4 Bg7 12.Ng3 b5 13.Bb3 d6 14.a4 Rb8 15.axb5 axb5
16.Bd2 O-O 17.h4 gxh4 18.Nh5 h3 19.Nxf6+ Bxf6 20.Qh5 Bg7 21.Bxh6 Qe7 22.Ra7  1-0

[Event "Lenk op"]
[Site "Lenk"]
[Date "1991.??.??"]
[Round "5"]
[White "Ziatdinov, Raset"]
[Black "Arakhamia, Ketevan"]
[Result "1-0"]
[WhiteElo "2515"]
[BlackElo "2440"]

1.e4 c5 2.Nf3 Nc6 3.Bb5 e6 4.b3 Qf6 5.Nc3 Nd4 6.Be2 Nxf3+ 7.Bxf3 Bd6 8.O-O Ne7
9.g3 O-O 10.Ba3 Nc6 11.Bg2 Be7 12.f4 d6 13.Ne2 Qh6 14.c3 e5 15.f5 b5 16.Bc1 Qf6
17.h4 h6 18.Bb2 Bd8 19.Kh2 g5 20.hxg5 hxg5 21.g4 Qh6+ 22.Bh3 d5 23.Ng3 dxe4
24.Qe2 Rb8 25.Nxe4 Bc7 26.f6 Nd8 27.Qe3 Ne6 28.Rf5 Rd8 29.Rh1 Bb7 30.Kg1 Bxe4
31.Qxe4 Rxd2 32.Bf1 Qg6 33.Bc1 Rd6 34.Rh5 Kf8  1-0

[Event "Lenk op"]
[Site "Lenk"]
[Date "1991.??.??"]
[Round "8"]
[White "Ambroz, Jan"]
[Black "Tukmakov, Vladimir B"]
[Result "1/2-1/2"]
[WhiteElo "2425"]
[BlackElo "2520"]

1.e4 c5 2.Nf3 Nc6 3.Bb5 e6 4.O-O Nge7 5.Re1 a6 6.Bf1 d5 7.e5 Nf5 8.c3 Be7
9.Na3 Qb6 10.Nc2 g5 11.d3 g4 12.Nd2 h5 13.Nb3 Bd7 14.Ne3 Nh4 15.d4 cxd4 16.cxd4 a5
17.a4 O-O-O 18.Bd2 Kb8 19.Bb5 Nb4 20.Nc2 Nf5 21.Bc3 Rdg8 22.Qd2 Bg5 23.Qd1 Be7
24.Qd2 Bg5 25.Qd1  1/2-1/2

[Event "Lloyds Bank op"]
[Site "London"]
[Date "1991.??.??"]
[Round "6"]
[White "Rogers, Ian"]
[Black "Zilberman, Yaacov"]
[Result "1/2-1/2"]
[WhiteElo "2565"]
[BlackElo "2440"]

1.e4 c5 2.Nf3 Nc6 3.Bb5 g6 4.O-O Bg7 5.c3 Nf6 6.d4 cxd4 7.cxd4 Nxe4 8.d5 Nd6
9.Na3 a6 10.Ba4 b5 11.dxc6 bxa4 12.Bg5 dxc6 13.Re1 f6 14.Qxa4 O-O 15.Bd2 c5
16.Rac1 Bb7 17.Ba5 Qe8 18.Qb3+ Qf7 19.Rxe7 Qxb3 20.axb3 Bxf3 21.gxf3 Nf5
22.Rb7 Rfb8 23.Rxb8+ Rxb8 24.Rxc5 Nd4 25.Bc3 Nxf3+ 26.Kg2 Nh4+ 27.Kh3 Nf5
28.Rc6 Rxb3 29.Rxa6 Nd4 30.Ra4 Ne2 31.Rb4 Rxb4 32.Bxb4 f5 33.Nc4 Kf7 34.Kg2  1/2-1/2

[Event "USA-op Los Angeles"]
[Site "Los Angeles"]
[Date "1991.??.??"]
[Round "?"]
[White "Duckworth, William  Mark"]
[Black "Bolbochan, Julio"]
[Result "0-1"]
[WhiteElo "2300"]
[BlackElo "2475"]

1.e4 c5 2.Nf3 Nc6 3.Bb5 e6 4.O-O Nge7 5.c3 d5 6.e5 Bd7 7.Qe2 a6 8.Bd3 Qc7
9.Re1 Ng6 10.Bxg6 hxg6 11.d3 f6 12.Bf4 g5 13.Bg3 Qb6 14.h3 Be7 15.c4 d4 16.exf6 gxf6
17.Nbd2 O-O-O 18.b4 g4 19.hxg4 Rh7 20.bxc5 Rdh8 21.Nh2 Qxc5 22.Ne4 Qa5 23.f4 Kb8
24.f5+ e5 25.Rab1 Ka8 26.Rf1 Qd8 27.Qf3 Bc8 28.c5 Bf8 29.Rb6 Bh6 30.g5 Bxg5
31.Nxg5 fxg5 32.Rfb1 Qe8 33.Qe4 Rc7 34.Ng4 Rf8 35.Nxe5 Bxf5 36.Qd5 Bxd3 37.Re1 Nxe5
38.Bxe5 Rcf7 39.Rh6 Bb5 40.c6 Bxc6 41.Qxd4 Rf4 42.Qc5 R4f5 43.Re3 Qd7 44.Qd6 Qf7
45.Ra3 Rf1+ 46.Kh2 Rh1+ 47.Kg3 Qf2+ 48.Kg4 Qf5+ 49.Kg3 Rxh6 50.Qxh6 Qxe5+  0-1

[Event "USA-op Los Angeles"]
[Site "Los Angeles"]
[Date "1991.??.??"]
[Round "?"]
[White "Bisguier, Arthur Bernard"]
[Black "Gulko, Boris F"]
[Result "0-1"]
[WhiteElo "2370"]
[BlackElo "2565"]

1.e4 c5 2.Nf3 Nc6 3.Bb5 e6 4.Bxc6 bxc6 5.O-O Ne7 6.b3 Ng6 7.Bb2 f6 8.e5 Be7
9.d3 Qc7 10.Re1 O-O 11.Nbd2 fxe5 12.Nxe5 Nh8 13.g3 d6 14.Ng4 e5 15.Ne4 Qd7
16.f3 Qf5 17.Kg2 Ng6 18.Qe2 Bd7 19.Bc1 Qh5 20.h3 Qf5 21.Rh1 d5 22.Nef2 h5
23.Nh2 h4 24.g4 Qf6 25.Bd2 Rf7 26.Rhg1 Nf4+ 27.Bxf4 Qxf4 28.Kh1 Bg5 29.Rae1 Re8
30.Nd1 Qd4 31.c3 Qf4 32.Ne3 Ree7 33.Qg2 Rf8 34.Nf5 Re6 35.Qf2 Qd2 36.Qxd2 Bxd2
37.Re2 Bxc3 38.Rc1 Bd4 39.f4 e4 40.dxe4 Rxe4 41.Ne7+ Kf7 42.Rce1 Rxe2 43.Rxe2 Re8  0-1

[Event "Lyngby op"]
[Site "Lyngby"]
[Date "1991.??.??"]
[Round "4"]
[White "Mortensen, Erling"]
[Black "Mach, Holger"]
[Result "1-0"]
[WhiteElo "2450"]
[BlackElo "2240"]

1.e4 c5 2.Nf3 Nc6 3.Bb5 e6 4.O-O Nge7 5.Re1 a6 6.Bf1 d5 7.exd5 Nxd5 8.d4 Be7
9.dxc5 O-O 10.c4 Nf6 11.Nc3 Bxc5 12.Qxd8 Rxd8 13.Bf4 Bd7 14.a3 Nd4 15.Nxd4 Bxd4
16.Be5 Bxe5 17.Rxe5 Bc6 18.b4 Rd2 19.Re2 Rxe2 20.Bxe2 Kf8 21.a4 b6 22.a5 Rb8
23.b5 Bb7 24.axb6 axb5 25.Nxb5 Nd7 26.Ra7 Bc6 27.Nd4 Bb7 28.Bf3 Nc5 29.Bxb7 Nxb7
30.Nb3  1-0

[Event "Wch U20"]
[Site "Mamaia"]
[Date "1991.??.??"]
[Round "?"]
[White "Degraeve, Jean Marc"]
[Black "Moldovan, Daniel"]
[Result "1-0"]
[WhiteElo "2450"]
[BlackElo "2425"]

1.e4 c5 2.Nf3 Nc6 3.Bb5 g6 4.O-O Bg7 5.c3 Nf6 6.Re1 O-O 7.d4 cxd4 8.cxd4 d5
9.e5 Ne8 10.h3 Bd7 11.Nc3 Nc7 12.Bxc6 Bxc6 13.Be3 f6 14.Qd2 g5 15.h4 h6 16.Ne2 Qe8
17.Qc2 Qf7 18.Ng3 g4 19.exf6 exf6 20.Nf5 gxf3 21.Bxh6 Qh5 22.Bxg7 Rf7 23.Re3 Rxg7
24.Nxg7 Kxg7 25.Re7+ Kf8 26.Qh7 Qxh7 27.Rxh7 Ne8 28.Re1 fxg2 29.h5 Kg8 30.Ree7 Bb5
31.Kxg2 Bd3 32.Rhf7 Nd6 33.Rxf6 Nf5 34.Rxb7 Nxd4 35.Kg3 Bb1 36.Ra6 Rf8 37.Rbxa7 Rf3+
38.Kh4 Bf5 39.Re7 Kf8 40.Rb7  1-0

[Event "Wch U20"]
[Site "Mamaia"]
[Date "1991.??.??"]
[Round "?"]
[White "Ong Chong Ghee"]
[Black "Degraeve, Jean Marc"]
[Result "0-1"]
[WhiteElo "2240"]
[BlackElo "2450"]

1.e4 c5 2.Nf3 Nc6 3.Bb5 e6 4.O-O Nge7 5.Nc3 a6 6.Bxc6 Nxc6 7.d4 cxd4 8.Nxd4 Qc7
9.Re1 d6 10.Nxc6 bxc6 11.Qg4 e5 12.Qg3 f6 13.b3 Kf7 14.f4 Be7 15.Rd1 Rd8
16.Be3 Be6 17.f5 Bc8 18.Na4 Rb8 19.c4 d5 20.cxd5 cxd5 21.exd5 Bxf5 22.Rac1 Qb7
23.Qf3 Bg6 24.Nb6 Kg8 25.Rc6 Be8 26.Rdc1 Bd6 27.Qe2 Bxc6 28.dxc6 Qf7 29.Qxa6 Bc7
30.Nd7 Rbc8 31.b4 f5 32.b5 f4 33.Bc5 f3 34.b6 Qg6 35.g3 Qxc6 36.Be3 Qxd7
37.Qc4+ Kh8 38.b7 Rb8 39.Qxc7 Rxb7 40.Qxe5 Qh3  0-1

[Event "Wch U20 Girls"]
[Site "Mamaia"]
[Date "1991.??.??"]
[Round "?"]
[White "Fruteau, Sabine"]
[Black "Csoke, Adrienn"]
[Result "1-0"]
[WhiteElo "2055"]
[BlackElo "2170"]

1.e4 c5 2.Nf3 Nc6 3.Bb5 e6 4.O-O Nge7 5.c3 a6 6.Bxc6 Nxc6 7.d4 cxd4 8.cxd4 d5
9.Qe2 Be7 10.Rd1 O-O 11.Nc3 b5 12.Bf4 Ra7 13.Rac1 dxe4 14.Nxe4 Nb4 15.a3 Nd5
16.Bg3 f5 17.Nc5 f4 18.Nxe6 Bxe6 19.Qxe6+ Kh8 20.Bh4 g5 21.Ne5 Bf6 22.Rc5 Nb6
23.Bxg5 Bxg5 24.Nc6 Qd7 25.Qxd7 Rxd7 26.Rxg5 h6 27.Rg6 Kh7 28.Ne5 Rb7 29.Rc6 Rd8
30.Ng4 Nc4 31.b3 Nxa3 32.Rxh6+ Kg7 33.Rxa6 Nc2 34.Nh6 Rd5 35.g4 Rbd7 36.Nf5+ Kf7
37.Rb6 b4 38.Kg2 Nxd4 39.Nxd4 Rxd4 40.Rxd4 Rxd4 41.h4 Kg7 42.g5 Kh7 43.h5 Rd5
44.Rb7+ Kg8 45.Rxb4  1-0

[Event "Manila op"]
[Site "Manila"]
[Date "1991.??.??"]
[Round "?"]
[White "Torre, Eugenio"]
[Black "Mednis, Edmar John"]
[Result "1-0"]
[WhiteElo "2535"]
[BlackElo "2460"]

1.e4 c5 2.Nf3 Nc6 3.Bb5 g6 4.O-O Bg7 5.c3 e5 6.d4 cxd4 7.cxd4 exd4 8.Bf4 Nge7
9.Bd6 O-O 10.Nbd2 h6 11.Bc4 b6 12.b4 Bb7 13.Re1 Kh7 14.h4 f6 15.h5 g5 16.b5 Ne5
17.Nxd4 Re8 18.Bb3 Nc8 19.Nf5 Bf8 20.Bxf8 Rxf8 21.Nc4 Ne7 22.Nxe5 fxe5 23.Qd6 Nxf5
24.exf5 Rf6 25.Qxe5 Rb8 26.Rac1 d5 27.Rc7+ Kg8 28.Re7 Qd6 29.Rxb7 Qxe5 30.Rxe5 Rxb7
31.Bxd5+ Rff7 32.Bxb7 Rxb7 33.Re6 Kg7 34.Rg6+ Kh7 35.f6  1-0

[Event "Mar del Plata op"]
[Site "Mar del Plata"]
[Date "1991.??.??"]
[Round "?"]
[White "Sanchez, Claudio"]
[Black "Spangenberg, Hugo"]
[Result "1-0"]
[WhiteElo "2340"]
[BlackElo "2220"]

1.e4 c5 2.Nf3 Nc6 3.Bb5 g6 4.O-O Bg7 5.c3 Nf6 6.Re1 O-O 7.e5 Nd5 8.d4 cxd4
9.cxd4 Nc7 10.Bxc6 dxc6 11.h3 Be6 12.Nc3 Bd5 13.Be3 Ne6 14.Ng5 Nc7 15.Qd2 h6
16.Nge4 Kh7 17.Nc5 Rb8 18.Rad1 Qc8 19.Bf4 b6 20.Nd3 Ne6 21.Be3 Qd7 22.Nb4 Rbd8
23.Rc1 Bxg2 24.Kxg2 c5 25.Nbd5 cxd4 26.Bxd4 Qb7 27.f3 Nxd4 28.Qxd4 e6 29.Rcd1 exd5
30.Nxd5 Rfe8 31.b4 Kh8 32.Rd2 Qc6 33.f4 Qe6 34.Red1 Qf5 35.Qd3 Qe6 36.Qf3 Rc8
37.a3 g5 38.fxg5 Qg6 39.h4 Rxe5 40.Nf4 Qf5 41.Rd8+ Re8 42.Rxe8+ Rxe8 43.Rd5 Qc2+
44.Kg3 Qc1 45.Kg4 Re3 46.Rd8+ Kh7 47.Qd5 Qg1+ 48.Kh5 Re5 49.Qd3+ f5 50.g6+  1-0

[Event "WchT U26"]
[Site "Maringa"]
[Date "1991.??.??"]
[Round "1"]
[White "Burnett, Ronald"]
[Black "Sosa Macho, Federico"]
[Result "1-0"]
[WhiteElo "2325"]
[BlackElo "2215"]

1.e4 c5 2.Nf3 Nc6 3.Bb5 e5 4.O-O Nge7 5.Bc4 Ng6 6.c3 Be7 7.d4 d6 8.dxc5 dxc5
9.Bd5 Qc7 10.Na3 O-O 11.Ng5 Bxg5 12.Bxg5 Nf4 13.Nb5 Qd7 14.Bb3 Na5 15.Qxd7 Bxd7
16.Nc7 Rac8 17.Bxf4 exf4 18.Nd5 Rfe8 19.f3 Bb5 20.Rf2 Nxb3 21.axb3 a6 22.c4 Bd7
23.Rd2 Be6 24.Nxf4 Rc6 25.Nd5 Bxd5 26.cxd5 Rb6 27.Ra5 Rb5 28.Rxb5 axb5 29.d6 f6
30.Rd5 b6 31.h4 Kf7 32.b4 Re5 33.Rxe5 fxe5 34.f4 exf4 35.Kf2 cxb4 36.Kf3 Ke6
37.e5 b3 38.Kxf4 b4 39.Ke4 g6 40.Kd4 h5  1-0

[Event "WchT U26"]
[Site "Maringa"]
[Date "1991.??.??"]
[Round "2"]
[White "Mateus, Manuel"]
[Black "Sepulveda, Luis"]
[Result "1/2-1/2"]
[WhiteElo "2260"]
[BlackElo "2280"]

1.e4 c5 2.Nf3 Nc6 3.Bb5 e6 4.O-O Nge7 5.Re1 a6 6.Bf1 d5 7.exd5 Nxd5 8.d4 Be7
9.dxc5 O-O 10.c4 Ndb4 11.Qe2 a5 12.Nc3 Na6 13.Bf4 Bxc5 14.Rad1 Qe7 15.a3 f6
16.Qc2 g5 17.Be3 Bd7 18.Bxc5 Nxc5 19.Nd5 Qf7 20.Nb6 Rad8 21.Nxd7 Rxd7 22.Rxd7 Nxd7
23.c5 Nde5 24.Nxe5 Nxe5 25.Qc3 Qc7 26.b4 axb4 27.axb4 b6 28.Qd4 bxc5 29.bxc5 Rd8
30.Qc4 Rd5 31.Rc1 Kg7 32.Qb4 Nc6 33.Qb6 Qc8 34.Ba6 Qd7 35.Qb7 Kg6 36.Qb1+ f5
37.Bb5 Qc7 38.h4 Nd4 39.Be8+ Kg7 40.Qb2 Kf8 41.Bb5 Qb8 42.Rb1 Kg8 43.Ba6 Qxb2
44.Rxb2 Rxc5 45.hxg5 f4 46.Rb4 e5 47.Rb7 e4 48.Rb4 Rc1+ 49.Kh2 Rd1 50.Rb8+ Kf7
51.Bc4+ Kg6 52.Re8 Re1 53.Re5 e3  1/2-1/2

[Event "WchT U26"]
[Site "Maringa"]
[Date "1991.??.??"]
[Round "5"]
[White "Galego, Luis"]
[Black "Wians, Camille"]
[Result "1-0"]
[WhiteElo "2395"]
[BlackElo "2285"]

1.e4 c5 2.Nf3 Nc6 3.Bb5 g6 4.O-O Bg7 5.Re1 Nf6 6.c3 O-O 7.d3 Qc7 8.Qe2 a6
9.Ba4 b5 10.Bb3 d6 11.Nbd2 e6 12.Nf1 Bb7 13.Ng3 Ne5 14.Nxe5 dxe5 15.Bg5 h6
16.Be3 Ne8 17.f3 Nd6 18.Bf2 Kh7 19.Rad1 a5 20.Bc2 b4 21.Rc1 bxc3 22.bxc3 Ba6
23.c4 Rfb8 24.Rb1 Nc8 25.Be3 Na7 26.Qf2 Bf8 27.f4 exf4 28.Bxf4 e5 29.Be3 Bc8
30.Ne2 Be6 31.Nc3 Rxb1 32.Rxb1 Rb8 33.Rxb8 Qxb8 34.Na4 Nc6 35.Nxc5 Bxc5 36.Bxc5 Qb2
37.Ba4 Qb7 38.Bb5 Nb4 39.Qd2 Qc7 40.Be3 Qd8 41.a3 Qxd3 42.axb4 Qb1+ 43.Qc1 Qxb4
44.Bd2 Qc5+ 45.Kh1 Qd4 46.Bxa5 Qxe4 47.Qe1 Qd3 48.Bb6 e4 49.Bc6 Bf5 50.Bd5 Kg8
51.Bg1  1-0

[Event "WchT U26"]
[Site "Maringa"]
[Date "1991.??.??"]
[Round "6"]
[White "Wians, Camille"]
[Black "Santos, Renato Andrade"]
[Result "0-1"]
[WhiteElo "2355"]
[BlackElo "2265"]

1.e4 c5 2.Nf3 Nc6 3.Bb5 d6 4.d4 cxd4 5.Nxd4 Bd7 6.O-O Nf6 7.Nc3 g6 8.Nd5 Bg7
9.Nxf6+ Bxf6 10.Bxc6 bxc6 11.Bh6 Qb6 12.c3 Qxb2 13.Qd3 Qb6 14.h3 Qc5 15.g4 g5
16.f4 gxf4 17.Rxf4 Bg5 18.Bxg5 Qxg5 19.Raf1 h5 20.Nf5 Bxf5 21.exf5 hxg4 22.Rxg4 Qf6
23.Re1 Kf8 24.Qf3 Rb8 25.Rg3 Rg8 26.Rxg8+ Kxg8 27.Kh1 Kf8 28.Rg1 Qe5 29.Qxc6 Qxf5
30.Qg2 e6 31.Rf1 Rb1 32.Rxb1 Qxb1+ 33.Kh2 d5 34.Qf2 Qb6 35.Qf6 Qe3 36.h4 Qe2+
37.Kg3 Qd3+ 38.Kh2 Qc2+ 39.Kg3 Qg6+ 40.Qxg6 fxg6 41.Kf4 Kf7 42.Ke5 Ke7 43.a4 a5
44.c4 dxc4 45.Kd4 Kd6 46.Kxc4 e5 47.Kd3 Kd5 48.Ke3 e4  0-1

[Event "WchT U26"]
[Site "Maringa"]
[Date "1991.??.??"]
[Round "9"]
[White "Pelikian, Jefferson"]
[Black "Miranda, L."]
[Result "1-0"]
[WhiteElo "2255"]
[BlackElo "2205"]

1.e4 c5 2.Nf3 Nc6 3.Bb5 d6 4.O-O Bd7 5.Re1 g6 6.c3 Bg7 7.d4 Qb6 8.Bxc6 Qxc6
9.Bf4 Nf6 10.d5 Qc8 11.Qd2 O-O 12.Bh6 Bg4 13.Bxg7 Kxg7 14.Qe3 Bxf3 15.Qxf3 b5
16.Nd2 Nd7 17.Qg3 c4 18.Qh4 Qd8 19.Qg3 Ne5 20.Re2 Qb6 21.Kh1 a5 22.f4 Nd7
23.Nf3 Rae8 24.Nd4 e5 25.dxe6 fxe6 26.Qg4 Nc5 27.f5 exf5 28.exf5 Nd3 29.Rf1 Re5
30.f6+ Kg8 31.Qd7 Rf7 32.Qe8+ Rxe8 33.Rxe8+ Rf8 34.f7+ Kg7 35.Rxf8 Kxf8 36.Ne6+ Ke7
37.f8=Q+ Kxe6 38.Qf7+ Ke5 39.Rf6 Nc5 40.Rf2 Ne4 41.Qf4+ Kd5 42.Re2  1-0